Despenalizacin̤ del Aborto en Mujeres Vc̕timas de Violacin̤ Sexual

Detalles Bibliográficos
Autor principal: Chv̀ez Yomona, Marleny
Formato: eBook
Lenguaje:español
Publicado: Lima: Editorial Acadm̌ica Espaǫla, 2019
Materias:
Acceso en línea:Acceso restringido

MARC

LEADER 00000nam a22000007a 4500
005 20190920004858.0
007 cr|||| |||
008 190920s2019 pe |||||s|||| 00||0 spa d
020 |a 9786139403899 
035 |a 24849 
040 |a vLex 
090 |c 9609  |d 9609 
100 1 |a Chv̀ez Yomona, Marleny 
245 1 0 |a Despenalizacin̤ del Aborto en Mujeres Vc̕timas de Violacin̤ Sexual  |h [Recurso electrn̤ico] /  |c Marleny Chv̀ez Yomona 
256 |a Servicio en ln̕ea 
260 |a Lima:  |b Editorial Acadm̌ica Espaǫla,  |c 2019 
300 |a 1 recurso electrn̤ico 
500 |a La presente investigacin̤ se realiz,̤ desde la perspectiva de los operadores de justicia, entre ellos jueces, fiscales y abogados cuya experiencia laboral los aproxima a estos casos. El mťodo de investigacin̤ sigui ̤un enfoque cualitativo, de tipo hermenǔtico, considerando como muestra a tres jueces, cinco fiscales y tres abogados que laboran en la Corte Superior de Justicia del Cono Norte y tienen como experiencia laboral haber llevado casos penales cuyo componente describe embarazo como consecuencia de violacin̤ sexual. Las conclusiones evidencian que la controversia existente entre penalizacin̤ o despenalizacin̤ del aborto gira en torno al derecho a la vida y el derecho a la libertad. La primera, antepone el funcionamiento biolg̤ico, puesto que se asigna el tt̕ulo de persona al ser humano desde la concepcin̤ por lo que le asiste su derecho a vivir desde ese momento. La segunda antepone el funcionamiento social, en vista que enfatiza el derecho de la mujer a decidir con autonoma̕ sobre aspectos que conciernen a su cuerpo, ms̀ aun si se tiene el concepto de que una persona recibe dicho tt̕ulo solamente al nacer. 
506 1 |a Disponible solo en los productos indicados  |d vLex Global  |d vLex Global (Academic Edition, excluding Law Schools)  |d vLex Global (U.S. Academic Edition, Law Schools)  |d vLex Global (U.S. Academic Edition, excluding Law Schools)  |d vLex Global (Academic Edition, Law Schools) 
650 0 4 |a Derecho Penal  |z Per︢ 
740 0 |a vLex Libros (Servicio en ln̕ea) 
856 4 0 |u http://vlex.com/source/24849  |z Acceso restringido 
942 |c BOOK 
999 0 |a Criminal law